លោកគ្រូទន្សាយនិងកូនខ្លាឃ្មុំ / (Record no. 9404)

MARC details
000 -LEADER
fixed length control field 02756nam a22003017a 4500
001 - CONTROL NUMBER
control field 9404
003 - CONTROL NUMBER IDENTIFIER
control field FISKH
005 - DATE AND TIME OF LATEST TRANSACTION
control field 20260105125059.0
008 - FIXED-LENGTH DATA ELEMENTS--GENERAL INFORMATION
fixed length control field 260105b cb ||||| |||| 00| 0 eng d
020 ## - INTERNATIONAL STANDARD BOOK NUMBER
International Standard Book Number 9789995001759
040 ## - CATALOGING SOURCE
Original cataloging agency FISKH
Language of cataloging khr
Transcribing agency FISKH
Modifying agency FISKH
082 ## - DEWEY DECIMAL CLASSIFICATION NUMBER
Classification number 398.2
100 ## - MAIN ENTRY--PERSONAL NAME
Personal name Bopha , Om
245 ## - TITLE STATEMENT
Title លោកគ្រូទន្សាយនិងកូនខ្លាឃ្មុំ /
Statement of responsibility, etc. អ្នកនិពន្ធ លោក អ៊ុំ បុប្ផា , អ្នកវាយអត្ថបទ អ្នកស្រី ហាក់ ផាន្នី
260 ## - PUBLICATION, DISTRIBUTION, ETC.
Place of publication, distribution, etc. ភ្នំពេញ :
Name of publisher, distributor, etc. គ្រឺះស្ថានបោះពុម្ព និង ចែកផ្សាយ ,
Date of publication, distribution, etc. 2013 .
300 ## - PHYSICAL DESCRIPTION
Extent 8 pages :
Other physical details color illustrations ;
Dimensions 17 x 17 cm .
490 ## - SERIES STATEMENT
Series statement រឿងនិទានអប់រំសម្រាប់កុមារ
505 ## - FORMATTED CONTENTS NOTE
Formatted contents note P <br/>
520 ## - SUMMARY, ETC.
Summary, etc. កូនខ្លាឃ្មុំតែងតែគេចសាលា ជាញឹកញាប៉ ។ លោកគ្រូទន្សាយបានទៅដល់ផ្ទះកូនខ្លាឃ្មុំដើម្បីផ្តល់ដំណឹងដល់ឪពុកម្តាយវា​ ។​ តែស្អែកឡើងវានៅតែគេចសាលាដដែល វាត្រូវម៉ូតូកៀរបណ្តាលអោយដួលបែកក្បាល ។ លោកគ្រូទន្សាយក៏បានផ្តល់ដំណឹងដល់ឪពុកម្តាយខ្លាឃ្មុំ ។ ក្រោយពេលទៅដល់មន្ទីរពេទ្យកូនខ្លាឃ្មុំនឹកស្តាយកំហុស​ ហើយក៏បានសុំទោសម្តាយ ហើយសន្យាថានឹងខិតខំរៀនសូត្រ ឈប់គេចសាលាទៀត ។​
520 ## - SUMMARY, ETC.
Summary, etc. The bear cub often skipped school. Mr. Rabbit, the teacher, went to the bear cub’s house to inform its parents. However, the next day the bear cub still skipped school as usual. It was hit by a motorcycle, causing it to fall and crack its head.<br/>Mr. Rabbit then informed the bear cub’s parents. After arriving at the hospital, the bear cub regretted its mistake, apologized to its mother, and promised to study hard and stop skipping school.
521 8# - TARGET AUDIENCE NOTE
Target audience note 650 <br/>
Source Lexile estimate <br/>
521 8# - TARGET AUDIENCE NOTE
Target audience note P <br/>
Source Raz-Plus <br/>
650 ## - SUBJECT ADDED ENTRY--TOPICAL TERM
Topical term or geographic name entry element លោកគ្រូ ទន្សាយ​និងកូនខ្លាឃ្មុំ
Form subdivision រឿងនិទានកុមារ
650 ## - SUBJECT ADDED ENTRY--TOPICAL TERM
Topical term or geographic name entry element Teacher Rabbit and the bear cub
Form subdivision Children's Stories
700 ## - ADDED ENTRY--PERSONAL NAME
Personal name Van Ten , Houy
Relator term Illustrator
942 ## - ADDED ENTRY ELEMENTS (KOHA)
Source of classification or shelving scheme Dewey Decimal Classification
Koha item type Khmer Books
Suppress in OPAC No
Holdings
Withdrawn status Lost status Source of classification or shelving scheme Damaged status Not for loan Collection Home library Current library Shelving location Date acquired Total Checkouts Full call number Barcode Date last seen Price effective from Koha item type
    Dewey Decimal Classification     Khmer Language Books / សៀវភៅភាសាខ្មែរ Footprints International School Library Network Toul Tom Poung Campus Footprints International School Library Network Toul Tom Poung Campus TTP Primary Khmer Bookshelves 01/05/2026   BOP 398.2 FIS02066 01/05/2026 01/05/2026 Khmer Books